000 00309nam a22001337a 4500
008 181023b xxu||||| |||| 00| 0 eng d
020 _a9780495810797
041 _aeng
080 _211th
_a101
100 _a24
101 _aFIL
245 _aPhilosophy a Text with Readings
_cVelasques,M
942 _2udc
_cBK
999 _c50652
_d50652